| 000 | 00475nam a2200193Ia 4500 | ||
|---|---|---|---|
| 005 | 20250423095820.0 | ||
| 008 | 250422s9999 xx 000 0 und d | ||
| 020 | _a9781844805624 | ||
| 050 | _aHG 4026 .S63/ | ||
| 100 | _aSmart, Scott B. | ||
| 245 | 0 | _aIntroduction to financial management | |
| 250 | _a2nd ed. | ||
| 260 | _aMason | ||
| 260 | _bSouth-Western Cengage Learning | ||
| 260 | _c2009 | ||
| 300 | _a656 p | ||
| 650 | _aCorporations_Finance | ||
| 942 | _cBK | ||
| 999 |
_c31414 _d31414 |
||